Equatorial Geography on a Map - Statistics

General Stats
  • This quiz has been taken 61 times
  • The average score is 23 of 31
Answers on the Map
Answers color-coded by a green-red scale on the quiz's map according to % correct below.
 
Answer Stats
Hint Country % Correct
Country Brazil
100%
Country Colombia
100%
River Congo River
98%
Country D. R. Congo
98%
Country Ecuador
98%
Country Indonesia
98%
Country Republic of the Congo
98%
Country Somalia
98%
Country Kenya
96%
Country Gabon
94%
Country Maldives
90%
Country Uganda
90%
Forest Amazon Rainforest
88%
Country Kiribati
88%
Island(s) Borneo
85%
Country Sao Tome and Principe
85%
Island(s) Sumatra
83%
City Quito
81%
Island(s) Galapagos Islands
79%
Ocean Indian Ocean
79%
Ocean Pacific Ocean
79%
Ocean Atlantic Ocean
77%
Lake Lake Victoria
73%
Island(s) Sulawesi
65%
City Kampala
63%
City Libreville
60%
City Macapá
21%
City Kisangani
17%
Island(s) Halmahera
15%
City Pekanbaru
8%
City Pontianak
8%
No matching quizzes found
Score Distribution
Percent of People with Each Score
Percentile by Number Answered
Your Score History
You have not taken this quiz